Top 20 towns and cities in Cornwall - Statistics

General Stats
  • This quiz has been taken 540 times
  • The average score is 12 of 20
Answer Stats
Answer % Correct
Truro
94%
Penzance
92%
Newquay
86%
St Ives
85%
Falmouth
82%
St Austell
78%
Redruth
76%
Bodmin
72%
Camborne/Pool
66%
Bude
61%
Helston
54%
Liskeard
53%
Looe
51%
Launceston
50%
Hayle
49%
Saltash
49%
Wadebridge
47%
Penryn
32%
St Blazey
18%
Torpoint
17%
No matching quizzes found
Score Distribution
Percent of People with Each Score
Percentile by Number Answered
Your Score History
You have not taken this quiz